Botanical Pesticide for Pest Management (Record no. 2112)

MARC details
000 -LEADER
fixed length control field 00350nam a22001337a 4500
008 - FIXED-LENGTH DATA ELEMENTS--GENERAL INFORMATION
fixed length control field 250306b |||||||| |||| 00| 0 eng d
020 ## - INTERNATIONAL STANDARD BOOK NUMBER
ISBN 9781604699735
100 ## - MAIN ENTRY--AUTHOR
Author Brekke Stan
245 ## - TITLE STATEMENT
Title Botanical Pesticide for Pest Management
260 ## - PUBLICATION, DISTRIBUTION, ETC. (IMPRINT)
Place of publication New Orteans
Name of publisher White Press Academy
Date of publication 2021
300 ## - COLLATION
Pagination xi,319p
942 ## - ADDED ENTRY ELEMENTS (KOHA)
Item type Books
050 ## - LIBRARY OF CONGRESS CALL NUMBER
Classification number SB951.145
Item number .B68
Holdings
Source of classification or shelving scheme Not for loan Permanent location Current location Date acquired Accession No. Full call number Barcode. Koha item type
Library of Congress Classification   Samuel Ogbemudia Main Library, University of Abuja Samuel Ogbemudia Main Library, University of Abuja 03/06/2025 2023/61882 SB951.145.B68 2025-0298 Books